Introduction to naval architecture. (Record no. 70535)

000 -LEADER
fixed length control field 00439nam a22001697a 4500
003 - CONTROL NUMBER IDENTIFIER
control field NUST - PNEC
005 - DATE AND TIME OF LATEST TRANSACTION
control field 20170116181142.0
008 - FIXED-LENGTH DATA ELEMENTS--GENERAL INFORMATION
fixed length control field 151008b xxu||||| |||| 00| 0 eng d
020 ## - INTERNATIONAL STANDARD BOOK NUMBER
International Standard Book Number 0750625295
040 ## - CATALOGING SOURCE
Transcribing agency LIBRARY
082 ## - DEWEY DECIMAL CLASSIFICATION NUMBER
Classification number 623.81 TUP
100 ## - MAIN ENTRY--PERSONAL NAME
9 (RLIN) 14744
Personal name Tupper, E. C.
245 ## - TITLE STATEMENT
Title Introduction to naval architecture.
Statement of responsibility, etc. E. C.Tupper
250 ## - EDITION STATEMENT
Edition statement 3rd ed
650 ## - SUBJECT ADDED ENTRY--TOPICAL TERM
9 (RLIN) 14746
Topical term or geographic name entry element Naval architecture
General subdivision MS COMM
942 ## - ADDED ENTRY ELEMENTS (KOHA)
Source of classification or shelving scheme
Koha item type Book
Holdings
Withdrawn status Lost status Source of classification or shelving scheme Damaged status Not for loan Permanent Location Current Location Shelving location Date acquired Total Checkouts Full call number Barcode Date last seen Price effective from Koha item type
          Pakistan Navy Engineering College (PNEC) Pakistan Navy Engineering College (PNEC)   10/08/2015   623.81 TUP PNECLIB-020965 10/08/2015   Book
© 2023 Central Library, National University of Sciences and Technology. All Rights Reserved.